000 00315pam a2200133 a 4500
020 _c
041 _h
082 _a751.422
_bKIN
100 _aJulik King.
245 _aHow to Paint flowers in water colour
_hTextual Documents
260 _a[s.l]:
_bSearch press,
_c2013.
300 _a64:
_bpaper.
930 _a7447
999 _c241237
_d241237